Skip to content
VuFind
All Fields
Title
Author
Subject
Call Number
ISBN/ISSN
Tag
Find
Advanced
Potret isteri yg hilang
Cite this
Print
Export Record
Export to RefWorks
Export to EndNoteWeb
Export to EndNote
Export to MARC
Potret isteri yg hilang
Bibliographic Details
Format:
Book
Holdings
Description
Similar Items
Staff View
MARC
LEADER
00000cam a2200000 7i4500
001
0000009330
002
000010160
005
20000330.0
020
|a
9971730081
090
0
0
|a
899.2313
|b
SUR
245
1
0
|a
Potret isteri yg hilang
999
|a
20220
|b
BUKU
|c
PINJAMAN
|e
PERPUSTAKAAN KOMUNITI PETALING JAYA
Similar Items
Potret isteri yang hilang
by: Suratman Markasan
Published: (1993)
Potret kreatif
by: Talib Samat
Published: (1991)
Keindahan Yang Hilang
by: Shamsuddin Jaafar
Published: (1992)
Yg fun stories
Published: (2000)
Yg fun stories
Published: (2000)